<?xml version="1.0" encoding="UTF-8"?>
<collection xmlns="http://www.loc.gov/MARC21/slim">
 <record>
  <leader>01555nam a2200205Ia 4500</leader>
  <controlfield tag="001">CTU_210987</controlfield>
  <controlfield tag="008">210402s9999    xx            000 0 und d</controlfield>
  <datafield tag="082" ind1=" " ind2=" ">
   <subfield code="a">363.73874</subfield>
  </datafield>
  <datafield tag="082" ind1=" " ind2=" ">
   <subfield code="b">Ng121</subfield>
  </datafield>
  <datafield tag="110" ind1=" " ind2=" ">
   <subfield code="a">Ngân hàng Thế giới</subfield>
  </datafield>
  <datafield tag="245" ind1=" " ind2="0">
   <subfield code="a">Những giải pháp tiện lợi giải quyết thực tế phiền phức :</subfield>
  </datafield>
  <datafield tag="245" ind1=" " ind2="0">
   <subfield code="b">Cách tiếp cận dựa vào hệ sinh thái để giải quyết vấn đề biến đổi khí hậu</subfield>
  </datafield>
  <datafield tag="245" ind1=" " ind2="0">
   <subfield code="c">Ngân hàng Thế giới</subfield>
  </datafield>
  <datafield tag="260" ind1=" " ind2=" ">
   <subfield code="a">Hà Nội</subfield>
  </datafield>
  <datafield tag="260" ind1=" " ind2=" ">
   <subfield code="b">Ngân hàng thế giới</subfield>
  </datafield>
  <datafield tag="260" ind1=" " ind2=" ">
   <subfield code="c">2010</subfield>
  </datafield>
  <datafield tag="520" ind1=" " ind2=" ">
   <subfield code="a">Nội dung sách giới thiệu về Ngân hàng thế giới và bảo tồn đa dạng sinh học để góp phần giải quyết vấn đề biến đổi khí hậu. Các hệ sinh thái tự nhiên và giảm nhẹ biến đổi khí hậu. Tiếp cận dựa vào hệ sinh thái, giảm tính dễ tổn thương. Bảo tồn đa dạng sinh học, an ninh lương thực, nước và đảm bảo sinh kế. Thực thi tiếp cận dựa vào hệ sinh thái để giải quyết các vấn đề về biến đổi khí hậu.</subfield>
  </datafield>
  <datafield tag="650" ind1=" " ind2=" ">
   <subfield code="a">Climatic changes,Conservation of natural resources,Ecosystem,Biến đổi khí hậu,Bảo tồn các nguồn tài nguyên thiên nhiên,Hệ sinh thái</subfield>
  </datafield>
  <datafield tag="904" ind1=" " ind2=" ">
   <subfield code="i">Qhieu</subfield>
  </datafield>
  <datafield tag="980" ind1=" " ind2=" ">
   <subfield code="a">Trung tâm Học liệu Trường Đại học Cần Thơ</subfield>
  </datafield>
 </record>
</collection>
